Aurelio Capmany : una vida dedicada al folklore / una vida dedicada al folklore /
Colección:
San Jorge,
; núm. 16 (octubre 1954), pàg 88
Idioma:
Español
MARC
| LEADER | 00000naa a2200000 a 4500 | ||
|---|---|---|---|
| 003 | Arxiu | ||
| 005 | 20260324181037.0 | ||
| 008 | 160829s1954 spc xx s spa c | ||
| 040 | |a AGDB | ||
| 100 | |a V., E. |9 30469 | ||
| 245 | |a Aurelio Capmany : |b una vida dedicada al folklore / |c E. V. | ||
| 490 | |a San Jorge, |v núm. 16 (octubre 1954), pàg 88 | ||
| 600 | 0 | |a Capmany, Aureli, |d 1868-1954 |9 53743 | |
| 650 | 0 | |a Folkloristes |9 55213 |z Catalunya |x Necrologies | |
| 773 | |g Núm. 16 (octubre 1954), pàg 88 |t San Jorge. | ||
| 901 | |a Arxiu | ||
| 942 | |n 1 |2 udc |c ART | ||
| 952 | |0 0 |1 0 |4 0 |6 REV509 |7 1 |9 65060 |a Arxiu |b Arxiu |d 2023-01-18 |l 0 |o Rev-509 |r 2023-01-18 00:00:00 |w 2023-01-18 |y ARXIU |z També disponible a Rev-523 | ||
| 999 | |c 48543 |d 48543 | ||